000 00590nam a2200169Ia 4500
008 090711s9999 xx 000 0 und d
082 _b30052
100 _aभावे पुरुषोत्तम भा.
245 _aस्वामिनी
260 _bरामकृष्ण प्रिंटींग प्रेस
_c1956
300 _a86
600 _aभावे पुरुषोत्तम भा.
630 _aस्वामिनी
700 _aभावे पुरुषोत्तम भा.
730 _aस्वामिनी
942 _cBOOK
999 _c305534
_d305534